|
|
|
|
| LEADER |
00000cam a2200000 7i4500 |
| 001 |
0000006258 |
| 002 |
000006756 |
| 005 |
20000330.0 |
| 020 |
|
|
|a 9837503262
|
| 090 |
0 |
0 |
|a J 611.8
|b PEN
|
| 100 |
1 |
|
|a Suhr, Mandy
|
| 245 |
1 |
0 |
|a Sentuh
|c Mandy Suhr ; penterjemah Nurazizan Aziz
|
| 260 |
|
|
|a Petaling Jaya ,
|c Pan Earth ,
|c 1995
|
| 300 |
|
|
|a 32 p. :
|b ill. ;
|c 21 cm.
|
| 490 |
0 |
|
|a Siri pengetahuan deria
|
| 650 |
0 |
0 |
|a Sense
|x Juvenile literature
|
| 999 |
|
|
|a 039098
|b BUKU
|c JUNIOR BOOKS
|e PERPUSTAKAAN KOMUNITI PETALING JAYA
|
| 999 |
|
|
|a 039099
|b BUKU
|c PINJAMAN
|e PERPUSTAKAAN KOMUNITI PETALING JAYA
|
| 999 |
|
|
|a 039100
|b BUKU
|c PINJAMAN
|e PERPUSTAKAAN KOMUNITI PETALING JAYA
|